Elige la actitud positiva

Guardat en:
Dades bibliogràfiques
Autor principal: Aguilar Kubli, Eduardo (Autor)
Format: Llibre
Idioma:espanyol
Publicat: Santiago Galdoc 1997
Col·lecció:El ABC del Exito
Matèries:
Etiquetes: Afegir etiqueta
Sense etiquetes, Sigues el primer a etiquetar aquest registre!

MARC

LEADER 00000nam a2200000 a 4500
001 UCH4341
003 CL-VaPUC
008 090818e19970000CL |||||||||||||||||spa|d
020 |a 9562760227 
082 0 4 |a 158.1  |b AGU  |2 21 
100 0 |a Aguilar Kubli, Eduardo  |e author  |9 539869 
245 1 0 |a Elige la actitud positiva 
300 |a 119 p 
942 |c BK 
945 |d 20090818 00:00:00  |a lazolas 
260 |a Santiago  |b Galdoc  |c 1997 
650 0 |a Autoestima  |9 308492 
650 0 |a Desarrollo Personal  |9 390751 
650 0 |a Actitud positiva  |9 476645 
650 7 |a OPTIMISMO  |2 CL-VaPUC  |9 476646 
583 |a last modification  |c 20090818 00:00:00  |k Rodrigo Vera 
490 0 |a El ABC del Exito 
999 |c 335666  |d 335664